000 00877cam a2200277Ma 4500
999 _c2783
_d2783
001 .b18512999
003 OCoLC
005 20230821105345.0
008 160823s2016 maua 000 0 eng d
020 _a9781305510739
035 _a(OCoLC)970549689
040 _aspa
_erda
_cI8M
_dOCLCO
_dOCLCF
_dPTTCL
_dKH8
042 _anbic
082 _a400 BOH
100 1 _aBohlke, David,
_eauthor.
245 1 0 _aTime zones 3 /
_cDavid Bohlke, Jennifer Wilkin.
250 _aSecond edition.
260 _aBoston, MA :
_bNational Geographic Learning :
_bCengage Learning,
_c2016.
300 _a143 p. :
_bcol. ill. ;
_c28 cm.
440 _aTime Zones
_n3
505 1 _gStudent book --
_gWorkbook --
_gTeacher's edition.
650 0 _aEnglish language
_vTextbooks for foreign speakers.
650 7 _aEnglish language.
_2fast.
700 1 _aWilkin, Jennifer,
_eauthor.
942 _2ddc
_cTR